Statistics for Countries Closest to Guatemala

Click here to take the quiz!

General Stats

  • This quiz has been taken 21 times
  • The average score is 20 of 22

Answer Stats

Distance Country % Correct
1,476kmCosta Rica
100%
3,087kmDominica
100%
1,458kmCuba
100%
2,034kmMexico
100%
530kmEl Salvador
100%
391kmBelize
100%
433kmHonduras
100%
2,140kmColombia
95%
1,059kmNicaragua
95%
3,134kmSt Vincent and the Grenadines
95%
1,684kmThe Bahamas
95%
1,303kmPanama
95%
1,399kmJamaica
95%
2,986kmSt Kitts and Nevis
89%
3,104kmGrenada
89%
2,154kmDominican Republic
89%
2,776kmVenezuela
89%
3,191kmTrinidad and Tobago
84%
3,147kmSt Lucia
84%
25kmAntigua and Barbuda
84%
2,363kmEcuador
79%
3,231kmPeru
74%

Score Distribution

Percentile by Number Answered

Percent of People with Each Score

Your Score History

You have not taken this quiz